000 00637nam a2200157 a 4500
008 120416s1985 ||||||||||||||||| || u
050 _aZ 668 Int
100 _aSturges, Paul
245 1 0 _aIntroduction to librarianship and documentation
246 _ateaching and learning material for the long vacation courses at the University of Botswana 1984 to 1
250 _aPilot ed.
260 _aGaborone
_bThe University of Botswana
_c1985
300 _a208p. : ill.
350 _a0.00
995 _D0.00
_FCBU-MAIN LIBRARY (Kitwe)
_H1
_I20.00
_UAVAILABLE
_ZAnnex Low-Usage Collection
999 _c47819
_d47819